Szczegóły MARC21

Sport a agresja : praca zbiorowa /

003 -Nazwa inst., której nr kontr. jest w polu 001 [,]
    • @
    • Nazwa instytucji, której n kontrolny jest w polu 001
    • NUKAT
005 -DATA I CZAS OSTATNIEJ MODYFIKACJI [,]
    • @
    • pole kontrolne
    • 20241231100353.0
020 -Międzynarod. znormalizowany nr książki - ISBN [ , ]
    • a
    • Numer ISBN
    • 9788392453826 Find
040 -Instytucja sporządzająca opis [ , ]
    • a
    • Instytucja, która sporządziła opis (NP)
    • KR 295/BW
    • c
    • Instytucja, która sporządziła rekord (NP)
    • KR 295/BW
    • d
    • Instytucja, która zmodyfikowała rekord (P)
    • KR 295/DR
    • d
    • Instytucja, która zmodyfikowała rekord (P)
    • TOR U/GKs
    • d
    • Instytucja, która zmodyfikowała rekord (P)
    • WR O/KPK
942 -Rodzaj dokumentu [ , ]
    • c
    • Rodzaj dokumentu
    • Książka
245 -Strefa tytułu i oznaczenia odpowiedzialności [0,0]
    • a
    • Tytuł
    • Sport a agresja : Find
    • b
    • Ciąg dalszy tytułu (NP)
    • praca zbiorowa / Find
    • c
    • Pozostałe elementy strefy tytułu i oznaczenia odpowiedzialności (NP)
    • pod red. Zbigniewa Dziubińskiego ; Zakład Socjologii Akademii Wychowania Fizycznego w Warszawie ; Salezjańska Organizacja Sportowa Rzeczypospolitej Polskiej.
260 -Strefa adresu wydawniczego [ , ]
    • a
    • Miejsce wydania (P)
    • Warszawa :
    • b
    • Nazwa wydawcy (P)
    • Akademia Wychowania Fizycznego :
    • b
    • Nazwa wydawcy (P)
    • Salezjańska Organizacja Sportowa Rzeczypospolitej Polskiej,
    • c
    • Data wydania (P)
    • 2007.
300 -Strefa opisu fizycznego [ , ]
    • a
    • Określenie formy książki i/lub objętość (NP)
    • 325, [1] s. :
    • b
    • Oznaczenie ilustracji (NP)
    • il. ;
    • c
    • Format (NP)
    • 24 cm.
336 -Typ zawartości [ , ]
    • a
    • Termin opisujący typ zawartości
    • Tekst
    • b
    • Kod określający zawartość
    • txt
    • 2
    • Źródło (terminu i kodu)
    • rdacontent
337 -Typ mediów [ , ]
    • a
    • Tryb odtwarzania
    • Bez urządzenia pośredniczącego
    • b
    • Kod typu mediów
    • n
    • 2
    • Źródło (terminu i kodu)
    • rdamedia
338 -Typ/rodzaj nośnika [ , ]
    • a
    • Hasło opisujące typ nośnika
    • Wolumin
    • b
    • Kod typu nośnika
    • nc
    • 2
    • Źródło (terminu i kodu)
    • rdacarrier
490 -Strefa serii i książki wielotomowej - forma nie do wyszukiwania [1, ]
    • a
    • Tytuł (P)
    • Monografie SALOS RP Find
830 -Hasło dodatkowe serii i opisu książki wielotomowej - tytuł ujednolicony/tytuł [ ,0]
    • a
    • Tytuł ujednolicony/tytuł (NP)
    • Monografie SALOS RP
    • 9
    • KHW
    • 17257
504 -Uwaga dot. bibliogr. załącznikowej [ , ]
    • a
    • Uwaga dot. bibliografii załącznikowej
    • Bibliogr. przy poszcz. rozdz.
080 -Uniwersalna Klasyfikacja Dziesiętna [ , ]
    • 2
    • Identyfikator wydania tablic
    • UDC-P058
    • 9
    • UKD
    • 2824
    • a
    • Symbol klasyfikacji
    • 316.64
    • b
    • Dopowiedzenie
    • Postawy społeczne. Poglądy. Świadomość społeczna. System przekonań. Przyciąganie. Unikanie. Frustracja. Uczucia społeczne i aspołeczne. Tolerancja. Nietolerancja. Konformizm. Nonkonformizm. Fatalizm. Dogmatyzm. Fanatyzm. Uprzedzenia. Dyskryminacja.
080 -Uniwersalna Klasyfikacja Dziesiętna [ , ]
    • 2
    • Identyfikator wydania tablic
    • UDC-P058
    • 9
    • UKD
    • 6274
    • a
    • Symbol klasyfikacji
    • 796
    • b
    • Dopowiedzenie
    • Kultura fizyczna. Sport. Gimnastyka.
    • 4
    • UKD2
    • 7665
    • x
    • Poddział wspólny
    • (075.8)
    • c
    • Dopowiedzenie poddz. wspólnego
    • (Podręczniki dla szkół wyższych. Skrypty).
080 -Uniwersalna Klasyfikacja Dziesiętna [ , ]
    • 2
    • Identyfikator wydania tablic
    • UDC-P058
    • 9
    • UKD
    • 2437
    • a
    • Symbol klasyfikacji
    • 159.942
    • b
    • Dopowiedzenie
    • Emocje. Uczucia. Nastroje. Nastrój obniżony (depresja), nastrój wzmożony (euforia, ekstaza, mania), labilność.
    • 4
    • UKD2
    • 7665
    • x
    • Poddział wspólny
    • (075.8)
    • c
    • Dopowiedzenie poddz. wspólnego
    • (Podręczniki dla szkół wyższych. Skrypty).
650 -Hasło przedmiotowe [ ,7]
    • a
    • Hasło przedmiotowe
    • Agresywność.
    • 2
    • Źródło terminu
    • kaba
    • 9
    • KHW
    • 100740
650 -Hasło przedmiotowe [ ,7]
    • a
    • Hasło przedmiotowe
    • Przemoc w sporcie.
    • 2
    • Źródło terminu
    • kaba
    • 9
    • KHW
    • 197767
980 -Symbol UKD [ , ]
    • a
    • UKD
    • 316.64:159.942:796](075.8)
700 -Hasło dodatkowe - nazwa osobowa [1, ]
    • a
    • Nazwa osobowa (NP)
    • Dziubiński, Zbigniew Find
    • d
    • Daty biograficzne (NP)
    • (1952- ).
    • e
    • Określenie rodzaju współpracy
    • Red.
    • 9
    • KHW
    • 10345
920 -ISBN [ , ]
    • a
    • ISBN
    • 978-83-924538-2-6 Find
Sygnatura Status udost. Lokalizacja Data inwentaryzacji Numer inwentarzowy
Socjologia kultury fizycznej 061BM2008-03-06WF.8230